MDQL
is popping MORE tags! Check the
thread
!
Quizzes
Events
Quiz Creation
Community
Videos
Private Events
Remove Ads
Sign In
Join for FREE
Feedback
Dark Mode
Quiz Categories
Sports
Geography
Music
Movies
Television
Just For Fun
Miscellaneous
History
Literature
Language
Science
Gaming
Entertainment
Religion
Holiday
For Kids
Quiz Lab
Recent
Popular Today
Quiz Kudos Today
Editor Picks
Curator Picks
Quizzes by...
Day
Popularity
Type
Ratings
Length
Year
Community
Subscriptions
Recent Discussions
Orange Saloon
Badges
Playlists
Quests
Create
Leaderboards
Showdown
Live 5
Trivia Bingo
Activity
Puzzle Library
Sporcle Events
Private Events
Virtual Trivia
Globe League
Become a Host
Pub Owners
SporcleCon
Opinionation
Our Games
Videos
Blog
Mobile Apps
Partnerships
Remove Ads and Go Orange
Feedback
Sports
Athletes
MLB
NBA
NHL
NFL
Soccer
Sports Teams
WWE
NCAA
Football
Premier League
Basketball
Baseball
Hockey
Golf
Tennis
Cricket
Rugby
Auto Racing
Olympics
World Cup
Sports
Athletes
MLB
NBA
NHL
NFL
Soccer
Sports Teams
WWE
NCAA
Football
Premier League
Basketball
Baseball
Hockey
Golf
Tennis
Cricket
Rugby
Auto Racing
Olympics
World Cup
Random Quiz
Search Sporcle
×
Quiz Lab
Quiz Lab
Sports
Baseball
Type in answers that appear in a list
Type in answers that appear in a list
Classic
Best Score? Go Orange.
MLB Franchise Top 10: Texas Rangers Stats
Can you name the top 10 leaders in these categories for the Rangers?
By
tylergallo
10m
60 Questions
329 Plays
329 Plays
329 Plays
Comments
Comments
Give Quiz Kudos
Give Quiz Kudos
-
- Ratings
hide this ad
Replay
Link that replays current quiz
Next Quiz
Link to next quiz in quiz playlist
You Got
0%
They Got
Avg Score
68%
Avg Friend Score
Upgrade to see
Score Distribution
Jump to the score distribution portion of the page
Score
0/60
Timer
10:00
0
Plays Today
Hint
Answer
% Correct
Batting Average
Alex Rodriguez
96.4%
Batting Average
Ivan Rodriguez
96.4%
Hits
Ivan Rodriguez
96.4%
Home Runs
Ivan Rodriguez
96.4%
Home Runs
Alex Rodriguez
96.4%
Batting Average
Michael Young
94.5%
Hits
Michael Young
94.5%
Home Runs
Michael Young
94.5%
Hits
Juan Gonzalez
93.6%
Home Runs
Juan Gonzalez
93.6%
ERA
Nolan Ryan
92.4%
Strikeouts
Nolan Ryan
92.4%
Hits
Rafael Palmeiro
90.3%
Home Runs
Rafael Palmeiro
90.3%
Batting Average
Adrian Beltre
90%
Home Runs
Adrian Beltre
90%
Hits
Adrian Beltre
85.7%
Batting Average
Josh Hamilton
84.8%
Home Runs
Ian Kinsler
80.5%
ERA
Yu Darvish
79.9%
Strikeouts
Yu Darvish
79.9%
Hits
Ruben Sierra
78.1%
Home Runs
Ruben Sierra
78.1%
Hits
Elvis Andrus
77.8%
Wins
Charlie Hough
76%
Strikeouts
Charlie Hough
76%
Wins
Kenny Rogers
75.7%
Strikeouts
Kenny Rogers
75.7%
Hits
Toby Harrah
70.5%
Home Runs
Nelson Cruz
69.9%
Hint
Answer
% Correct
ERA
Fergie Jenkins
69.6%
Wins
Fergie Jenkins
69.6%
Strikeouts
Fergie Jenkins
69.6%
Wins
Kevin Brown
69.3%
Strikeouts
Kevin Brown
69.3%
Batting Average
Rusty Greer
69%
Hits
Rusty Greer
69%
Batting Average
Julio Franco
67.5%
Home Runs
Frank Howard
65%
Hits
Jim Sundberg
57.1%
ERA
C.J. Wilson
56.5%
Batting Average
Al Oliver
55.6%
Wins
Darren Oliver
55.6%
ERA
Gaylord Perry
55%
Wins
Bobby Witt
53.8%
Strikeouts
Bobby Witt
53.8%
Batting Average
Will Clark
51.4%
Wins
Rick Helling
49.2%
Wins
Colby Lewis
44.4%
Strikeouts
Colby Lewis
44.4%
Batting Average
Mickey Rivers
42.6%
Wins
Derek Holland
38.9%
Strikeouts
Derek Holland
38.9%
Wins
Jose Guzman
37.1%
Strikeouts
Jose Guzman
37.1%
ERA
Jon Matlack
34.7%
ERA
Dick Bosman
33.4%
ERA
Claude Osteen
16.1%
ERA
Joe Coleman
15.2%
ERA
Casey Cox
11.9%
Quiz Playlist
Details
Report
Send in Message
Add To Playlist
Classic:
Type in answers that appear in a list
Last Updated: Oct 1, 2018
Quiz Scoreboard
CHALLENGE
Sign Up to Join the Scoreboard
Show All
Scores
Hide
Comments
May contain spoilers
Recently Published
Image Sorting: Flags VI
by Barbecue
Geography
2m
Find the 'City' Movie
by crazypaving
Movies
60s
Colored Red Africa Blitz
by spor1
Geography
45s
More to Explore
Quiz From the Vault
Featured Blog Post
14 Easter Pick-up Lines to Find Eggs With
hide this ad
You Might Also Like...
Tags
Baseball Quiz
MLB Quiz
franchise
Texas Rangers
Today's Top Quizzes in Sports
Browse Sports
hide this ad
Today's Top Quizzes in Baseball
Browse Baseball
Top Contributed Quizzes in Sports
1
Les meilleurs buteurs des matchs entre le PSG et l’OM
2
Les entraîneurs de l'OM et du PSG au 21e siècle
3
2022 World Cup Stars
4
Les joueurs passés par le PSG et l'OM
5
Players with Multiple 50 Home Run Seasons
6
Criteria MLB: Left Handed Sluggers
7
FIFA Club World Cup Champions
8
Les joueurs passés par le LOSC et le RC Lens
9
NBA Logic Puzzle 2.0
10
Top 10 NHL Goal Scorers of All Time
Explore More
Trending Topics
Anime
Marvel
Crossword
Kpop
Harry Potter
Disney
NBA
The Office
Country
WWE
NFL
Puzzle
Song
Soccer
Pokémon
hide this ad
More By:
tylergallo
Quiz
Plays
Rating
Category
Featured
Created
MLB Franchise Top 10: New York Yankees
1,331
4.80
Sports
Apr 26, 2017
MLB Franchise Top 10: Boston Red Sox
920
4.71
Sports
Mar 7, 2017
MLB Franchise Top 10: Atlanta Braves
884
4.57
Sports
Mar 7, 2017
MLB Franchise Top 10: Houston Astros
774
4.75
Sports
Mar 9, 2017
MLB Franchise Top 10: Chicago Cubs
762
4.67
Sports
Mar 7, 2017
Go to Creator's Profile
Score Distribution
Quiz Creator Spotlight
tylergallo
Follow
Send a Message
Quizzes Created
-
Created Quiz Play Count
-
More By This Creator
Popular Quizzes Today
1
Colored Red Africa Blitz
2
Find the US States - No Outlines Minefield
3
Find the 'City' Movie
4
5x2 Blitz: Bands
5
The Countries of the World
6
Find the US States
7
Find the Countries of Europe - No Outlines Minefield
8
US States
More Sports Quizzes
#32 Athletes
Published
Trending Quizzes
Colored Red Europe Blitz I
Colored Red Europe Blitz II
Colored Red Africa Blitz II
Colored Red Europe Blitz III
Colored Red Africa Blitz III
Recently Updated
How Do You Spell That?
pecheneg
Godzilla Movies
pecheneg
Grab Bag: 4-10 Letters
pecheneg
2024 March Madness Bracket
pecheneg
Famous TV Couples
Peacemaker
Champions League XIs: Real Madrid
pecheneg
Largest US Cities 1790-2010
pecheneg
Rides in Walt Disney World
pecheneg
Most Oscar Losses (Acting)
pecheneg
Beyoncé Albums
pecheneg
Trending Topics
NBA
Crossword
Kpop
Harry Potter
Disney
Marvel
Anime
NFL
Soccer
WWE
Song
The Office
Pokémon
Puzzle
Country
Your Account Isn't Verified!
In order to create a playlist on Sporcle, you need to verify the email address you used during registration. Go to your
Sporcle Settings
to finish the process.
Report this User
Report this user for behavior that violates our
Community Guidelines
.
Details:
Send Report
Go to the Sporcle.com Mobile Site →
Comments